Riconosci il Calciatore - Quiz n°20 - Statistics

Statistiche generali
  • Questo quiz è stato fatto 47 volte
  • Il punteggio medio è 14 su 17
Statistiche sulle risposte
Indizio Risposta % Corretto
Nazionalità Francia
93%
Squadra di club 3 Siviglia 2019-20222
93%
Squadra di club 4 Barcellona 2022-
91%
Ruolo Difensore
91%
Squadra di club 2 Bordeaux 2018-2019
88%
Squadra di club 1 Bordeaux 2 2016-2018
88%
Trofei per club Supercoppa di Spagna: 1
Barcellona: 2023
Campionato spagnolo: 1
Barcellona: 2022-2023
UEFA Europa League: 1
Siviglia: 2019-2020
86%
Data di nascita 22/11/1998
84%
Gol nei club 15
77%
Altezza 180 cm
77%
Presenze in nazionale 24
77%
Trofei individuali Squadra della stagione della UEFA Europa League: 1 2019-20
77%
Trofei per nazionali UEFA Nations League: 1 2020-2021
77%
Gol in nazionale 0
74%
Presenze nei club 273
74%
Peso 78 kg
74%
Calciatore Jules Koundé
74%
Nessun quiz corrispondente trovato
Distribuzione punteggi
Percentuale di utenti per punteggio
Percentile per numero di risposta
I tuoi punteggi nel tempo
Non hai fatto questo quiz